Loading...
Basic concepts of legal thought
| Main Author: | |
|---|---|
| Format: | Printed Book |
| Published: |
New York, OUP
1996
|
| Subjects: |
| LEADER | 005150000a22001810004500 | ||
|---|---|---|---|
| 020 | |a 0-19-508336-9 | ||
| 082 | |a 340.1 N6 | ||
| 100 | |a Fletcher, George P | ||
| 245 | |a Basic concepts of legal thought | ||
| 260 | |a New York, OUP | ||
| 260 | |c 1996 | ||
| 650 | |a Jurisprudence | ||
| 650 | |a Law | ||
| 650 | |a Philosophy | ||
| 650 | |a Rule of law | ||
| 942 | |c BK | ||
| 999 | |c 18150 |d 18150 | ||
| 952 | |0 0 |1 0 |4 0 |6 340_100000000000000_N6 |7 0 |8 ENG |9 17956 |a MGUL |b MGUL |d 2013-07-16 |l 1 |o 340.1 N6 |p 28131 |r 2014-11-28 |s 2014-10-28 |w 2013-07-16 |y BK | ||